Statistická teorie přeurčeného osazování dílců montovaných staveb

Podrobná bibliografia
Hlavní autori: Vorlíček, Miloš (Autor), Holický, Milan, 1943- (Autor)
Médium: Článok
Jazyk:slovenčina
čeština
Fyzický popis:Obr. 6. Res. rous., nem.
Predmet:

MARC

LEADER 00000nab a2200000 a 4500
001 vtls000018218
003 SK-MaSNL
005 20260304061340.0
008 250422c1978 xo 0 slo
015 |a SNBRB19rr/mm-uuuuu 
035 |a CL0028312 
035 |a (urnnbn)urn:nbn:sk:snk:ar-006ie0 
035 |a (uuid)f4bef55d-ad76-4782-93ca-74118682b401 
035 |a urn:nbn:sk:snk-ab8622 
040 |a SNKBUCL  |b slo  |c SNKBUCL  |e AACR2 
041 0 |a cze 
044 |a xo  |c SK 
080 |a 624  |2 1981 
080 |a 69  |2 1981 
080 |a 519.2  |2 1981 
100 1 |a Vorlíček, Miloš  |4 aut  |9 627967 
245 1 0 |a Statistická teorie přeurčeného osazování dílců montovaných staveb  |c Miloš Vorlíček, Milan Holický 
300 |b Obr. 6. Res. rous., nem. 
650 0 7 |a montované stavby  |2 snkbucl  |9 74310 
655 7 |a články z novín a časopisov  |2 snkbucl  |9 267496 
700 1 |a Holický, Milan,  |d 1943-  |4 aut  |9 118897 
773 0 |t Stavebnícky časopis  |g Roč. 26, č. 11 (1978), s. 842-857 
850 |a Slovenská národná knižnica 
852 |a Slovenská národná knižnica 
958 |a article9 
958 |a OND 
958 |a RK 
958 |a CZ 
958 |a EUIPO 
992 |a RBX 
999 |c 2732480  |d 2734410